[Event "Rijeka Liburnija op"]
[Site "Rijeka"]
[Date "2014.01.21"]
[Round "6"]
[White "Hodanic, Darko"]
[Black "Safar, Sandro"]
[Result "0-1"]
[WhiteElo "1977"]
[BlackElo "1684"]
[PlyCount "84"]
[EventDate "2014.01.17"]
[EventType "swiss"]
[EventRounds "9"]
[EventCountry "CRO"]
[SourceTitle "CBM 158 Extra"]
[Source "ChessBase"]
[SourceDate "2014.02.28"]
[SourceVersion "1"]
[SourceVersionDate "2014.02.28"]
[SourceQuality "1"]

1. e4 c5 2. Nf3 Nc6 3. d4 cxd4 4. Nxd4 g6 5. Nxc6 bxc6 6. Qd4 Nf6 7. e5 Nd5 8. c4 Nc7 9. e6 f6 10. exd7+ Bxd7 11. Nc3 e5 12. Qh4 Bg7 13. Bh6 0-0 14. Bxg7 Kxg7 15. 0-0-0 f5 16. Qg3 Qe7 17. h4 Be8 18. f3 Bf7 19. Bd3 Qf6 20. Rhe1 Rfe8 21. Rd2 Rad8 22. Kc2 Ne6 23. Qf2 Nd4+ 24. Kc1 Be6 25. Ne2 c5 26. b3 a5 27. Nc3 Rb8 28. Rb2 Rbd8 29. Bb1 Re7 30. Ne2 Red7 31. Nc3 Kf7 32. Qe3 Qxh4 33. Qxe5 Re7 34. g3 Qg5+ 35. Qe3 Qxg3 36. Nd5 Ree8 37. Rg1 Qxf3 38. Qh6 Rh8 39. Qh2 Bxd5 40. cxd5 Rde8 41. Rgg2 Re1+ 42. Kd2 Qe3# 0-1